Alfabet w 15 sekund - Statystyki

Ogólne statystyki
  • Ten quiz został rozwiązany 994 razy
  • Średni wynik to 17 z 23
Statystyki odpowiedzi
Litery % Poprawnych
A
100%
B
93%
C
92%
D
91%
E
89%
F
88%
G
87%
H
87%
I
86%
J
85%
K
82%
L
81%
N
77%
M
76%
O
75%
P
74%
R
68%
S
65%
T
63%
U
58%
W
52%
Y
40%
Z
40%
Nie znaleziono quizów pasujących do podanych kryteriów
Rozkład punktacji
Procent ludzi z każdym wynikiem
Percentyl według liczby udzielonych odpowiedzi
Twoja historia wyników
Nie rozwiązałeś tego quizu